| 000 | 00322nam a22001217a 4500 | ||
|---|---|---|---|
| 008 | 250310b |||||||| |||| 00| 0 eng d | ||
| 020 | _a0324053592 | ||
| 050 |
_aHD30.212 _b.C43 |
||
| 100 | _aCHAMPOUX, E. Joseph | ||
| 245 | _aUsing Film to Visualize Principles & Practices | ||
| 260 |
_aNew Mexico _bU.S.A _c2001 |
||
| 942 | _cBK | ||
| 999 |
_c2200 _d2200 |
||